The art of Public Speaking (Record no. 46655)
[ view plain ]
| 000 -LEADER | |
|---|---|
| fixed length control field | 00276nam a22001217a 4500 |
| 008 - FIXED-LENGTH DATA ELEMENTS--GENERAL INFORMATION | |
| fixed length control field | 180730b xxu||||| |||| 00| 0 eng d |
| 082 ## - DEWEY DECIMAL CLASSIFICATION NUMBER | |
| Edition number | 813.52 |
| 245 ## - TITLE STATEMENT | |
| Title | The art of Public Speaking |
| Statement of responsibility, etc | Lucas, S.E |
| 260 ## - PUBLICATION, DISTRIBUTION, ETC. (IMPRINT) | |
| Date of publication, distribution, etc | 2007 |
| 300 ## - PHYSICAL DESCRIPTION | |
| Extent | 1 |
| 440 ## - SERIES STATEMENT/ADDED ENTRY--TITLE | |
| International Standard Serial Number | 0073216410 |
| 942 ## - ADDED ENTRY ELEMENTS (KOHA) | |
| Source of classification or shelving scheme | |
| Item type | Mixed Materials |
| Withdrawn status | Lost status | Source of classification or shelving scheme | Damaged status | Not for loan | Collection code | Permanent location | Current location | Shelving location | Date acquired | Total Checkouts | Full call number | Barcode | Date last seen | Price effective from | Koha item type |
|---|---|---|---|---|---|---|---|---|---|---|---|---|---|---|---|
| Koleksioni i përgjithshem | UBT - Lipjan | UBT - Lipjan | Audio Visual | 07/30/2018 | 813.52 LUC | 002-3010088 | 07/30/2018 | 07/30/2018 | Mixed Materials | ||||||
| Koleksioni i përgjithshem | UBT - Lipjan | UBT - Lipjan | Audio Visual | 07/30/2018 | 813.52 LUC | 002-3010082 | 07/30/2018 | 07/30/2018 | Mixed Materials |